000 00421nam a2200181Ia 4500
005 20240823011144.0
008 240823s9999||||xx |||||||||||||| ||und||
041 _aENGLISH
082 _A621.381 P0
100 _a"Grob,Bernard"
245 0 _aBasic Electronics
250 _a8th
260 _c2000
_b"TMH,New Delhi"
500 _aTRANSFERED
650 _aElectronics
_bElectronics
942 _cBK
999 _c160709
_d160709